鉄道管理局とそれを前身とする支社等 - Statistics

General Stats
  • This quiz has been taken 59 times
  • The average score is 47 of 66
Answer Stats
Answer % Correct
東京鉄道管理局
95%
旭川鉄道管理局
93%
旭川支社
93%
函館支社
93%
新潟鉄道管理局
93%
新潟支社
93%
名古屋鉄道管理局
93%
大阪鉄道管理局
93%
鹿児島鉄道管理局
93%
鹿児島支社
93%
秋田鉄道管理局
91%
秋田支社
91%
熊本鉄道管理局
91%
熊本支社
91%
静岡鉄道管理局
89%
静岡支社
89%
金沢鉄道管理局
89%
金沢支社
89%
岡山鉄道管理局
89%
広島鉄道管理局
89%
岡山支社
89%
広島支社
89%
仙台鉄道管理局
86%
盛岡鉄道管理局
86%
盛岡支社
86%
千葉鉄道管理局
86%
千葉支社
86%
大分鉄道管理局
86%
大分支社
86%
釧路鉄道管理局
84%
釧路支社
84%
八王子支社
84%
四国総局
84%
横浜支社
82%
高崎鉄道管理局
82%
高崎支社
82%
長野鉄道管理局
82%
長野支社
82%
水戸鉄道管理局
77%
水戸支社
77%
和歌山支社
77%
九州総局
77%
大宮支社
75%
米子鉄道管理局
75%
北海道総局
70%
東海鉄道事業本部
68%
新幹線総局
64%
東北本部
64%
山陰支社
61%
天王寺鉄道管理局
59%
首都圏本部
57%
福知山鉄道管理局
57%
近畿統括本部
57%
福知山管理部
57%
中国統括本部
50%
東京北鉄道管理局
45%
東京南鉄道管理局
45%
東京西鉄道管理局
43%
兵庫支社
23%
山陽新幹線統括本部
20%
青函船舶鉄道管理局
16%
京滋支社
16%
鉄道事業本部
11%
鉄道事業本部
11%
新幹線鉄道事業本部
9%
阪奈支社
9%
No matching quizzes found
Score Distribution
Percent of People with Each Score
Percentile by Number Answered
Your Score History
You have not taken this quiz